000 01034nas a22002173 4500
001 10702867
008 880707u xx u 0 0 0und
010 _asv 88033970
022 _a0378-2395
082 _a630
245 _aJournal of Maharashtra Agricultural Universities. Poona. 1976- .
260 _aPune
_bCollege of Agriculture
_c2008-
300 _av.
_c28 cm
310 _aIrregular
500 _aPublication of the Mahatma Phule Krishi Vidyapeeth, Rahuri, Dr. Panjabrao Deshmukh Krishi Vidyapeeth, Akola, Maratwada Agricultural University, Parbhani and Dr. Balasaheb Sawant Konkan Vidyapeeth, Dapoli
590 _aDecision made by DW 10/5/79. Published jointly with: Punjabrao Krishi Vidyapeeth, Akola; Marathwade Krishi Vidyapeeth, Parbhani; and Konkan Krishi Vidyapeeth, Depoli.
650 _aAgriculture
906 _bbbc
_cserlocs
_du
_encip
_f19
_gilsserca
942 _2ddc
_cSR
_h630
_mJOU
_s1
999 _c22899
_d22899